Ciencias sociales 7 /
Guardado en:
| Autor Principal: | |
|---|---|
| Otros Autores: | , |
| Formato: | Libro |
| Publicado: |
Ituzaingó :
Maipue ,
2006
|
| Edición: | 2a. ed. |
| Materias: | |
| Etiquetas: |
Agregar Etiqueta
Sin Etiquetas, Sea el primero en etiquetar este registro!
|
| LEADER | 01261nam a22002895a 4500 | ||
|---|---|---|---|
| 001 | CEM.cems012695 | ||
| 005 | 20080228094210.0 | ||
| 008 | 130507s2006##################000#0#####d | ||
| 003 | CEMS | ||
| 020 | |a 9879493230 | ||
| 082 | 0 | 4 | |a Z302 |
| 100 | 1 | |a Eggers Brass, Teresa | |
| 245 | 1 | 0 | |a Ciencias sociales 7 / |c Teresa Eggers Brass, Edgardo Martín Gambuzzi y Natalia Lardiés |
| 250 | |a 2a. ed. | ||
| 260 | |a Ituzaingó : |b Maipue , |c 2006 | ||
| 300 | |a 368 p. | ||
| 500 | |a Para 7° año Egb | ||
| 505 | 0 | |a Los primeros tiempos de la humanidad -- Las primeras civilizaciones: Cercano y Lejano Oriente -- La antiguedad clásica: Grecia y Roma -- Estado, cultura y sociedad entre los siglos V y XVI -- Sociedad y espacio geográfico -- Interpretando el espacio geográfico. La cartografía -- El ambiente -- La población -- Sociedad y participación -- Distintos ámbitos de integración social -- Hacia una sociedad más igualitaria -- | |
| 653 | |a Ciencias sociales | ||
| 653 | |a Ciencias sociales-7°egb | ||
| 653 | |a Historia antigua | ||
| 653 | |a Geografía | ||
| 653 | |a Población | ||
| 653 | |a Sociedad | ||
| 700 | 1 | |a Gambuzzi, Edgardo Martín | |
| 700 | 1 | |a Lardiés, Natalia | |
| 859 | |a CEMS |b BIB. CEMS - 11 de abril |h Z302 |i Eg33a2 |p 24030.07 |t Ej.1 |v 7° |3 7° | ||
